Campeones de la liga española de fútbol - ¡Muerte súbita! - Estadísticas

Estadísticas generales
  • Esta prueba ha sido intentada 887 veces
  • La puntuación promedio es 7 de 9
Answers on the Grid
Answers color-coded by a green-red scale on the quiz's grid according to % correct below.
Real Madrid
Celta
Mallorca
Athletic de Bilbao
Valencia
Villarreal
Atlético de Madrid
RCD Espanyol
Málaga
Sevilla FC
Girona
Real Betis
Deportivo de la Coruña
Oviedo
Real Sociedad
Zaragoza
Osasuna
UD Las Palmas
FC Barcelona
Sporting de Gijón
 
Estadísticas de respuestas
Respuesta % Correcto
Real Madrid
98%
Athletic de Bilbao
83%
Atlético de Madrid
82%
FC Barcelona
80%
Valencia
79%
Deportivo de la Coruña
67%
Sevilla FC
63%
Real Betis
56%
Real Sociedad
53%
No se encontraron pruebas coincidentes
Distribución de puntuación
Porcentaje de gente con cada puntuación
Porcentaje por número respondido
Historial de tus puntuaciones
No has intentado esta prueba.